Normal view
MARC view
- ELECTRONIC MEASUREMENT ELECTRONIC INSTRUMENTS
Entry Topical Term
001 - CONTROL NUMBER
- control field: 73602
003 - CONTROL NUMBER IDENTIFIER
- control field: NUST
005 - DATE AND TIME OF LATEST TRANSACTION
- control field: 20210628205038.0
008 - FIXED-LENGTH DATA ELEMENTS
- fixed length control field: 210628|| aca||aabn | a|a d
040 ## - CATALOGING SOURCE
- Original cataloging agency: NUST
- Transcribing agency: NUST
150 ## - HEADING--TOPICAL TERM
- Topical term or geographic name entry element: ELECTRONIC MEASUREMENT ELECTRONIC INSTRUMENTS
670 ## - SOURCE DATA FOUND
- Source citation: Work cat.: (NUST): Wolf, Stanley Smith, Richard F. M 64656, Student refernce manual for electronic instrumentation laboratories, 1990
